| 000 | 00435nam a2200169Ia 4500 | ||
|---|---|---|---|
| 001 | 13538 | ||
| 003 | IN-NITTTR | ||
| 005 | 20251114233127.0 | ||
| 008 | 251113s9999||||xx |||||||||||||| ||eng|| | ||
| 040 | _beng | ||
| 040 | _cIN-NITTTR | ||
| 041 | _aeng | ||
| 082 | _a658.407 R332C | ||
| 100 | _aReynolds, John I. | ||
| 245 | 0 |
_aCase method in management development : _b guide for effective use / _cReynolds, John I. |
|
| 942 |
_2ddc _cBK |
||
| 999 |
_c16174 _d16174 |
||